000 00713nam a22001937a 4500
005 20180423124114.0
010 _aB-691565-566
020 _c1095.00
_a9788131606261
035 _aB-691565-566
037 _bR.K.Books
082 _a306.0954
100 _aAhuja, Ram
245 _aSocial problems in India /
_cby Ram Ahuja
260 _aDelhi
_bRawat Publications
_c2017
270 _asatayam Apts., Sector3, Jawahar Nagar
_bJaipur
_e302004
300 _axi,389 pages
_c23 cm (Hb)
942 _2ddc
_cEN
_mAHU
_h306.0954
999 _c151672
_d151672